[Event "BCF-chT3Nb 1516 (4NCL)"]
[Site "England"]
[Date "2016.03.19"]
[Round "7.116"]
[White "Ottosen, David"]
[Black "Robertson, David J"]
[Result "1-0"]
[WhiteElo "2104"]
[BlackElo "2125"]
[PlyCount "69"]
[EventDate "2015.11.14"]
[EventType "team-swiss"]
[EventRounds "7"]
[EventCountry "ENG"]
[SourceTitle "EXT 2017"]
[Source "ChessBase"]
[SourceDate "2016.10.25"]
[SourceVersion "1"]
[SourceVersionDate "2016.10.25"]
[SourceQuality "1"]
[WhiteTeam "Manx Ravens"]
[BlackTeam "Spirit of Atticus II"]
[WhiteTeamCountry "ENG"]
[BlackTeamCountry "ENG"]

1. e4 c5 2. Nf3 e6 3. d4 cxd4 4. Nxd4 Nc6 5. Nc3 Qc7 6. Ndb5 Qb8 7. Be3 a6 8. Bb6 axb5 9. Nxb5 Bb4+ 10. c3 Ba5 11. Nc7+ Qxc7 12. Bxc7 Bxc7 13. Qg4 Kf8 14. Bb5 Nf6 15. Qe2 b6 16. 0-0 Bb7 17. f4 h5 18. a4 Ke7 19. Rad1 Rad8 20. e5 Ng4 21. h3 Nh6 22. Bd3 Rdg8 23. Be4 g5 24. f5 exf5 25. Bxf5 Nxf5 26. Rxf5 Nd8 27. Qc4 Bc6 28. b4 b5 29. Qc5+ Ke8 30. axb5 Ne6 31. Qc4 Bb6+ 32. Kh1 Bb7 33. Rxf7 Rg7 34. Rxg7 Nxg7 35. Qd3 1-0

[Event "BCF-chT1a 1516 (4NCL)"]
[Site "England"]
[Date "2016.02.13"]
[Round "5.148"]
[White "Matta, Francesca"]
[Black "Robertson, David J"]
[Result "1-0"]
[WhiteElo "2020"]
[BlackElo "2102"]
[PlyCount "37"]
[EventDate "2015.11.14"]
[EventType "team-tourn"]
[EventRounds "7"]
[EventCountry "ENG"]
[SourceTitle "CBM 170 Extra"]
[Source "ChessBase"]
[SourceDate "2016.02.25"]
[SourceVersion "1"]
[SourceVersionDate "2016.02.25"]
[SourceQuality "1"]
[WhiteTeam "Oxford"]
[BlackTeam "Spirit of Atticus"]
[WhiteTeamCountry "ENG"]
[BlackTeamCountry "ENG"]

1. d4 Nf6 2. c4 e6 3. Nc3 d5 4. cxd5 exd5 5. Bg5 Be7 6. e3 c6 7. Bd3 Nbd7 8. Nf3 h6 9. Bh4 0-0 10. 0-0 Nb6 11. Qc2 Be6 12. Na4 Nxa4 13. Qxa4 Ne8 14. Bxe7 Qxe7 15. Ne5 Nd6 16. Rfc1 Rfd8 17. b4 a6 18. Qc2 f6 19. Bh7+ 1-0

[Event "BCF-chT3Nb 1516 (4NCL)"]
[Site "England"]
[Date "2015.11.14"]
[Round "1.107"]
[White "Robertson, David J"]
[Black "Findlay, David John"]
[Result "1/2-1/2"]
[WhiteElo "2125"]
[BlackElo "2186"]
[PlyCount "135"]
[EventDate "2015.11.14"]
[EventType "team-swiss"]
[EventRounds "7"]
[EventCountry "ENG"]
[SourceTitle "CBM 169 Extra"]
[Source "ChessBase"]
[SourceDate "2015.12.18"]
[SourceVersion "1"]
[SourceVersionDate "2015.12.18"]
[SourceQuality "1"]
[WhiteTeam "Spirit of Atticus II"]
[BlackTeam "Alba"]
[WhiteTeamCountry "ENG"]
[BlackTeamCountry "ENG"]

1. e4 e5 2. Nf3 d6 3. Bc4 Nc6 4. c3 g6 5. d3 Bg7 6. Nbd2 Nf6 7. 0-0 0-0 8. Re1 Na5 9. Bb5 a6 10. Ba4 b5 11. Bc2 c5 12. Nf1 Bb7 13. Ng3 Re8 14. Bd2 Qb6 15. b4 Nc6 16. a3 Rad8 17. Qc1 Rc8 18. Qd1 cxb4 19. axb4 d5 20. exd5 Nxd5 21. Ne4 Rcd8 22. Bb3 Nce7 23. Nc5 Nf5 24. Nxb7 Qxb7 25. Ng5 Bh6 26. Ne4 Bxd2 27. Bxd5 Rxd5 28. Qxd2 Kg7 29. Nc5 Qc8 30. Qa2 Rd6 31. Re4 Rc6 32. Rae1 f6 33. R4e2 Nd6 34. g3 Nb7 35. d4 Nxc5 36. dxc5 Qe6 37. Qxe6 Rcxe6 38. Rd2 e4 39. Rd7+ R8e7 40. Rxe7+ Rxe7 41. Ra1 Re6 42. Kf1 f5 43. Ke2 Kf6 44. f4 exf3+ 45. Kxf3 g5 46. Rd1 Rc6 47. Rd7 h6 48. Rb7 Ke5 49. Ke3 Kd5 50. Kd3 Rf6 51. Rb8 Re6 52. Rd8+ Ke5 53. c4 bxc4+ 54. Kxc4 f4 55. gxf4+ gxf4 56. Kd3 Kf5 57. Rf8+ Kg4 58. Kd4 f3 59. Kd5 Re2 60. c6 Rxh2 61. c7 Rc2 62. c8Q+ Rxc8 63. Rxc8 f2 64. Rf8 Kg3 65. Rg8+ Kh3 66. Rf8 Kg2 67. Rg8+ Kh3 68. Rf8 1/2-1/2

[Event "BCF-chT2b 1415 (4NCL)"]
[Site "England"]
[Date "2015.01.11"]
[Round "4.32"]
[White "Robertson, David J"]
[Black "Zhou, Yang Jian"]
[Result "1-0"]
[WhiteElo "1947"]
[BlackElo "1892"]
[PlyCount "83"]
[EventDate "2014.11.15"]
[EventType "team-tourn"]
[EventRounds "7"]
[EventCountry "ENG"]
[SourceTitle "EXT 2016"]
[Source "ChessBase"]
[SourceDate "2015.10.08"]
[SourceVersion "1"]
[SourceVersionDate "2015.10.08"]
[SourceQuality "1"]
[WhiteTeam "Spirit of Atticus"]
[BlackTeam "Wessex"]
[WhiteTeamCountry "ENG"]
[BlackTeamCountry "ENG"]

1. e4 c5 2. Nf3 g6 3. d4 cxd4 4. Nxd4 Bg7 5. Nc3 Nc6 6. Be3 d6 7. Qd2 Nf6 8. f3 0-0 9. 0-0-0 Nxd4 10. Bxd4 Be6 11. Nd5 Rc8 12. Nxf6+ exf6 13. Kb1 Qc7 14. Rc1 d5 15. exd5 Bxd5 16. Bd3 Rfd8 17. Qf2 Qa5 18. b3 Qb4 19. c3 Qd6 20. h4 a5 21. h5 a4 22. bxa4 Qa3 23. Bb5 Ra8 24. hxg6 fxg6 25. Bc5 Bxa2+ 26. Qxa2+ Qxa2+ 27. Kxa2 Rd2+ 28. Kb3 Rxg2 29. Bc4+ Kh8 30. Rcg1 Rxg1 31. Rxg1 g5 32. Bd5 Ra5 33. Kb4 b6 34. Re1 Rxc5 35. Re8+ Bf8 36. Rxf8+ Kg7 37. Rg8+ Kh6 38. c4 f5 39. Rb8 Kg7 40. Rxb6 Rxd5 41. cxd5 g4 42. fxg4 1-0

[Event "BCF-chT3 1314 (4NCL)"]
[Site "England"]
[Date "2014.05.03"]
[Round "9.145"]
[White "Maleki, Emanuel"]
[Black "Robertson, David J"]
[Result "1/2-1/2"]
[WhiteElo "2261"]
[BlackElo "1929"]
[PlyCount "64"]
[EventDate "2013.11.16"]
[EventType "team-swiss"]
[EventRounds "11"]
[EventCountry "ENG"]
[SourceTitle "EXT 2015"]
[Source "ChessBase"]
[SourceDate "2014.11.20"]
[SourceVersion "1"]
[SourceVersionDate "2014.11.20"]
[SourceQuality "1"]
[WhiteTeam "Fermented Sharks"]
[BlackTeam "Spirit of Atticus II"]
[WhiteTeamCountry "ENG"]
[BlackTeamCountry "ENG"]

1. Nf3 d5 2. d4 e6 3. c4 c6 4. Nc3 Nf6 5. e3 Nbd7 6. Qc2 Bd6 7. b3 0-0 8. Be2 Re8 9. Bb2 b6 10. 0-0 Bb7 11. cxd5 exd5 12. Rac1 Qe7 13. Rfe1 Ba3 14. Bxa3 Qxa3 15. Bd3 Rac8 16. Bf5 Qd6 17. Ne5 g6 18. Bh3 Rcd8 19. f4 Nb8 20. f5 Rxe5 21. dxe5 Qxe5 22. fxg6 fxg6 23. b4 Na6 24. a3 Nc7 25. Qd3 Ba6 26. Qd4 Re8 27. a4 Bc4 28. a5 bxa5 29. bxa5 Qxd4 30. exd4 Rxe1+ 31. Rxe1 Kf7 32. Bc8 Nh5 1/2-1/2

[Event "BCF-chT2d 1112 (4NCL)"]
[Site "England"]
[Date "2012.04.01"]
[Round "8.18"]
[White "Stewart, Ashley"]
[Black "Robertson, David J"]
[Result "0-1"]
[WhiteElo "2001"]
[BlackElo "1918"]
[PlyCount "82"]
[EventDate "2011.11.12"]
[EventType "team-swiss"]
[EventRounds "11"]
[EventCountry "ENG"]
[SourceTitle "EXT 2013"]
[Source "ChessBase"]
[SourceDate "2012.11.22"]
[SourceVersion "1"]
[SourceVersionDate "2012.11.22"]
[SourceQuality "1"]
[WhiteTeam "Barbican Youth"]
[BlackTeam "Spirit of Atticus"]
[WhiteTeamCountry "ENG"]
[BlackTeamCountry "ENG"]

1. d4 d5 2. c4 e6 3. Nf3 c6 4. e3 Nf6 5. b3 Bd6 6. Bb2 Nbd7 7. Bd3 0-0 8. 0-0 Qe7 9. Ne5 Rd8 10. Nd2 Bc7 11. f4 Nf8 12. Qf3 Ne8 13. Qg3 f6 14. Nef3 Bd7 15. a4 b6 16. Rae1 f5 17. Ne5 Nf6 18. Qh3 Be8 19. Ra1 Rac8 20. Ba3 Bd6 21. Bxd6 Qxd6 22. g4 Ne4 23. Ndf3 g6 24. a5 Qe7 25. Ra2 Rb8 26. Rfa1 Rdc8 27. axb6 axb6 28. Bxe4 dxe4 29. Ng5 Rc7 30. Qg3 Rbb7 31. Qe1 Ra7 32. Qc3 Rxa2 33. Rxa2 Ra7 34. Rd2 h6 35. Nh3 Qh4 36. Nf2 g5 37. Kg2 gxf4 38. exf4 Rg7 39. h3 h5 40. g5 Qxf4 41. Re2 Qxg5+ 0-1

[Event "BCF-chT3 1011 (4NCL)"]
[Site "England"]
[Date "2011.05.02"]
[Round "11.31"]
[White "Horspool, Philip"]
[Black "Robertson, David J"]
[Result "1/2-1/2"]
[WhiteElo "2138"]
[BlackElo "1885"]
[PlyCount "66"]
[EventDate "2010.11.06"]
[EventType "team-swiss"]
[EventRounds "9"]
[EventCountry "ENG"]
[SourceTitle "EXT 2012"]
[Source "ChessBase"]
[SourceDate "2011.11.24"]
[SourceVersion "1"]
[SourceVersionDate "2011.11.24"]
[SourceQuality "1"]
[WhiteTeam "e2e4.org.uk II"]
[BlackTeam "Spirit of Atticus"]
[WhiteTeamCountry "ENG"]
[BlackTeamCountry "ENG"]

1. e4 c5 2. Nc3 Nc6 3. f4 g6 4. Nf3 Bg7 5. Bb5 Nd4 6. 0-0 a6 7. Be2 d6 8. d3 e6 9. Nb1 Nxf3+ 10. Bxf3 Ne7 11. c3 0-0 12. Be3 Qb6 13. Qc2 Qc7 14. Nd2 Rb8 15. Rac1 b5 16. b4 Rd8 17. Qb3 a5 18. Qa3 Nc6 19. bxc5 dxc5 20. e5 Rxd3 21. Qxc5 Bf8 22. Qxc6 Qxc6 23. Bxc6 Rxe3 24. Ne4 Ba3 25. Rcd1 Bb7 26. Bxb7 Rxb7 27. Rd8+ Kg7 28. Nf6 Bf8 29. Ne8+ Kh6 30. Nf6 Kg7 31. g4 h6 32. Ne8+ Kh7 33. Nf6+ Kg7 1/2-1/2

[Event "BCF-chT2 1011 (4NCL) North"]
[Site "England"]
[Date "2011.02.20"]
[Round "6"]
[White "Robertson, David J"]
[Black "Kane, Brendan"]
[Result "1/2-1/2"]
[WhiteElo "1940"]
[BlackElo "2010"]
[PlyCount "63"]
[EventDate "2010.11.06"]
[EventType "team-swiss"]
[EventRounds "9"]
[EventCountry "ENG"]
[SourceTitle "EXT 2012"]
[Source "ChessBase"]
[SourceDate "2011.11.24"]
[SourceVersion "1"]
[SourceVersionDate "2011.11.24"]
[SourceQuality "1"]

1. d4 e6 2. Nf3 f5 3. c4 Nf6 4. Nc3 Be7 5. e3 b6 6. Bd3 Bb7 7. Qc2 Na6 8. a3 c5 9. Qe2 Ne4 10. 0-0 Nxc3 11. bxc3 0-0 12. Bd2 Nc7 13. a4 Ne8 14. Ne1 Nf6 15. f3 Qc7 16. e4 fxe4 17. fxe4 e5 18. dxe5 Qxe5 19. Nf3 Qh5 20. Bf4 Qg4 21. Bg5 h6 22. Bxf6 Bxf6 23. e5 Rae8 24. a5 Bxf3 25. Qxf3 Qxf3 26. Rxf3 Bxe5 27. axb6 axb6 28. Bg6 Re6 29. Bh7+ Kxh7 30. Rxf8 Bxc3 31. Rc1 Bd4+ 32. Kf1 1/2-1/2

[Event "BCF-chT2 1011 (4NCL) North"]
[Site "England"]
[Date "2011.02.19"]
[Round "5"]
[White "Lang, Adam R"]
[Black "Robertson, David J"]
[Result "0-1"]
[WhiteElo "2050"]
[BlackElo "1940"]
[PlyCount "142"]
[EventDate "2010.11.06"]
[EventType "team-swiss"]
[EventRounds "9"]
[EventCountry "ENG"]
[SourceTitle "EXT 2012"]
[Source "ChessBase"]
[SourceDate "2011.11.24"]
[SourceVersion "1"]
[SourceVersionDate "2011.11.24"]
[SourceQuality "1"]

1. e4 c5 2. Nf3 d6 3. d4 cxd4 4. Nxd4 Nf6 5. Nc3 a6 6. Be3 e5 7. Nb3 Be6 8. f3 Be7 9. Be2 0-0 10. g4 Nbd7 11. Qd2 b5 12. 0-0-0 b4 13. Nd5 Bxd5 14. exd5 a5 15. Kb1 Nb6 16. f4 a4 17. Nc1 exf4 18. Bxf4 Nfxd5 19. Bf3 Ra5 20. Bg3 Bf6 21. Qd3 Bxb2 22. Kxb2 Qf6+ 23. Qd4 Qxf3 24. Nd3 Rc8 25. Rhe1 Rac5 26. Rc1 Rc4 27. Qf2 Qxf2 28. Nxf2 R4c6 29. Ne4 Nc4+ 30. Ka1 h6 31. Nxd6 Nxd6 32. Red1 Ne3 33. Rxd6 Rxd6 34. Bxd6 Nxc2+ 35. Kb2 a3+ 36. Kb1 Rc6 37. Be5 b3 38. Bf4 bxa2+ 39. Kxa2 g5 40. Bd2 Nb4+ 41. Kxa3 Rxc1 42. Bxc1 Nd3 43. Be3 Ne5 44. Kb3 Nxg4 45. Bg1 f5 46. h3 Ne5 47. Kc3 Kf7 48. Bf2 Ke6 49. Kd4 Ng6 50. Be3 f4 51. Bf2 Kf5 52. Kd3 Ne5+ 53. Ke2 Ke4 54. Bc5 f3+ 55. Kf1 h5 56. Be7 g4 57. hxg4 hxg4 58. Bh4 Kf4 59. Be1 g3 60. Bd2+ Kg4 61. Be3 Ng6 62. Kg1 Nf4 63. Bc5 Nh3+ 64. Kh1 g2+ 65. Kh2 g1Q+ 66. Bxg1 Nxg1 67. Kh1 Nh3 68. Kh2 Nf4 69. Kg1 Kg3 70. Kh1 Kf2 71. Kh2 Ke2 0-1